00398 a2200109 4500001001000000005001700010008004100027245005500068100002400123773012400147999001700271ART_2322920260410161929.0260409a 10aSobre algunos principios de las finanzas de guerra1 aCaplán, Benedicto0 tRevista de la Facultad de Ciencias Económicas de la Universidad de Cuyog- Año II, Nº 5 (mayo/ago. 1950)wREV22981 c28444d28444